BIBLE - Psaumes 100 - Statistiques

Statistiques générales
  • Ce quiz a été pris 9 fois
  • Le résultat moyen est 55 sur 85
Statistiques - réponses
Psaumes 100 % Correct
a
100%
C'
100%
de
100%
de
100%
de
100%
de
100%
est
100%
est
100%
est
100%
l'
100%
l'
100%
l'
100%
l'
100%
la
100%
le
100%
qui
100%
Dieu!
89%
et
89%
et
89%
Et
89%
sa
89%
sa
89%
sa
89%
bon;
78%
en
78%
en
78%
lui
78%
lui
78%
que
78%
son
78%
son
78%
son
78%
avec
67%
avec
67%
avec
67%
avec
67%
Car
67%
Éternel
67%
Éternel,
67%
Éternel
67%
Éternel
67%
nous
67%
nous
67%
Nous
67%
bonté
56%
dans
56%
Dans
56%
des
56%
des
56%
des
56%
fait,
56%
ses
56%
ses
56%
tous,
56%
appartenons;
44%
cris
44%
dure
44%
Entrez
44%
fidélité
44%
génération
44%
génération.
44%
joie,
44%
joie,
44%
pâturage.
44%
peuple,
44%
présence!
44%
sommes
44%
terre!
44%
toujours,
44%
troupeau
44%
Vous
44%
allégresse
33%
bénissez
33%
cantiques!
33%
Célébrez-le,
33%
habitants
33%
louanges,
33%
nom!
33%
parvis
33%
Poussez
33%
Sachez
33%
Servez
33%
Venez
33%
vers
33%
portes
22%
Aucun quiz correspondant
Distribution des résultats
% des personnes avec chaque résultat
Percentile par nombre de réponses
Votre historique - résultats
Vous n’avez pas pris ce quiz